000 00719nam a2200253 i 4500
001 000034383
003 DO-SdBNP
005 20240624094049.0
007 ta
008 111004s2003 es 000 0 spa d
040 _aDO-SdBNP
_bspa
_cBNPHU
_erda
049 _aBNPD
082 4 _bB877c
_222
100 1 _aBrown, Dan,
_d1964-
_959803
245 1 3 _aEl código Da Vinci /
_cDan Brown ; traducción, Juanjo Estrella.
246 1 0 _aThe Da Vinci code.
264 _aBarcelona :
_c2003.
300 _a557 páginas ;
_c24 cm.
336 _2rdacontent
_atexto
_btxt
337 _2rdamedia
_asin mediación
_bn
338 _2rdacarrier
_avolumen
_bnc
700 1 _aEstrella, Juanjo,
_910728
_etraducción
942 _2ddc
_cLBS1
999 _c33874
_d33874